Teória obchodu - úvahy nová ekonomika, obchod a logistika
Uložené v:
| Hlavný autor: | |
|---|---|
| Ďalší autori: | |
| Médium: | Kniha |
| Jazyk: | Slovak |
| Vydavateľské údaje: |
Bratislava
Vydavateľstvo EKONÓM
2003
|
| Predmet: | |
| Tagy: |
Žiadne tagy, Buďte prvý, kto otaguje tento záznam!
|
MARC
| LEADER | 00000nam a2200000 4500 | ||
|---|---|---|---|
| 001 | c142001 | ||
| 005 | 20240502071324.6 | ||
| 020 | |a 80-225-1647-3 | ||
| 041 | 0 | |a slo | |
| 044 | |a SK | ||
| 245 | 1 | 0 | |a Teória obchodu - úvahy |b nová ekonomika, obchod a logistika |c Milan Oreský, Zuzana Francová |
| 264 | 1 | |a Bratislava |b Vydavateľstvo EKONÓM |c 2003 | |
| 300 | |a 99 s. | ||
| 610 | 2 | 0 | |a teória obchodu |
| 610 | 2 | 0 | |a ekonomika nová |
| 610 | 2 | 0 | |a logistika |
| 610 | 2 | 0 | |a obchod |
| 610 | 2 | 0 | |a politika hospodárska |
| 610 | 2 | 0 | |a globalizácia |
| 610 | 2 | 0 | |a prostredie životné |
| 610 | 2 | 0 | |a politika obchodná |
| 610 | 2 | 0 | |a obchod vnútorný |
| 610 | 2 | 0 | |a samospráva |
| 610 | 2 | 0 | |a politika regionálna |
| 610 | 2 | 0 | |a hospodárstvo národné |
| 610 | 2 | 0 | |a integrácia |
| 610 | 2 | 0 | |a politika dopravná |
| 610 | 2 | 0 | |a trh |
| 610 | 2 | 0 | |a Slovensko |
| 610 | 2 | 0 | |a Európska únia |
| 100 | 1 | |a Oreský, Milan, 1956- | |
| 700 | 1 | |a Francová, Zuzana, 1971- | |